Santa Cruz y Torreblanca: dos héroes de las Campañas de Tarapacá y Tacna
Shranjeno v:
| Glavni avtor: | |
|---|---|
| Format: | Knjiga |
| Jezik: | španščina |
| Izdano: |
Santiago
Mar del Sur
1979
|
| Teme: | |
| Oznake: |
Označite
Brez oznak, prvi označite!
|
MARC
| LEADER | 00000cam a2200000 a 4500 | ||
|---|---|---|---|
| 001 | UCG9916 | ||
| 003 | CL-VaPUC | ||
| 008 | 120412e19790000CL |||||||||||||||||spa|d | ||
| 082 | 0 | 4 | |a 983.0616 |b FER |2 21 |
| 100 | |a Fernández Larrain, Sergio |e author |9 660411 | ||
| 245 | 1 | 0 | |a Santa Cruz y Torreblanca: dos héroes de las Campañas de Tarapacá y Tacna |
| 300 | |a 226 p | ||
| 942 | |c BK | ||
| 945 | |d 20120412 00:00:00 |a dcastane | ||
| 260 | |a Santiago |b Mar del Sur |c 1979 | ||
| 650 | 0 | |a Guerra del Pacífico |9 265541 | |
| 650 | 0 | |a Historia de Chile |9 322385 | |
| 650 | 0 | |a Biografías |9 255210 | |
| 583 | |a last modification |c 20120412 10:24:00 |k Rodrigo Vera | ||
| 999 | |c 347442 |d 347440 | ||
| 952 | |0 0 |1 0 |4 0 |6 983_061600000000000_FER_1979 |7 0 |8 A |9 448777 |a BIBHIS |b BIBHIS |d 2019-11-22 |i 4855892 |o 983.0616 FER 1979 |p 4855892 |r 2025-01-20 |w 2019-11-22 |y BK |k HIS | ||